Memorias de un Ford T.O. (Record no. 65007)

MARC details
000 -LEADER
campo de control de longitud fija 00536nam a2200169 i 4500
001 - NÚMERO DE CONTROL
campo de control 65007
003 - IDENTIFICADOR DE NÚMERO DE CONTROL
campo de control ES-MaACL
005 - FECHA Y HORA DE LA ÚLTIMA TRANSACCIÓN
campo de control 20230906165258.0
007 - CAMPO FIJO DE DESCRIPCIÓN FÍSICA--INFORMACIÓN GENERAL
campo de control de longitud fija t|
008 - DATOS DE LONGITUD FIJA--INFORMACIÓN GENERAL
campo de control de longitud fija 040108s1963 sp ||||1| spa d
100 1# - ENTRADA PRINCIPAL--NOMBRE DE PERSONA
Nombre de persona Fraguas Saavedra, Antonio.
9 (RLIN) 52094
245 10 - MENCIÓN DEL TÍTULO
Título Memorias de un Ford T.O.
Resto del título : los nietos de Dios /
Mención de responsabilidad, etc. Antonio Fraguas Saavedra ; sobrecubierta y viñetas de Esplandiu.
260 ## - PUBLICACIÓN, DISTRIBUCIÓN, ETC.
Lugar de publicación, distribución, etc. Madrid :
Nombre del editor, distribuidor, etc. [s.n.],
Fecha de publicación, distribución, etc. 1963.
300 ## - DESCRIPCIÓN FÍSICA
Extensión 204 p. ;
Dimensiones 21 cm.
700 1# - ENTRADA AGREGADA--NOMBRE PERSONAL
Nombre de persona Esplandiu, Juan.
9 (RLIN) 47932
852 ## - LOCALIZACIÓN
Ubicación ES-MaACL
Número de control de estantería C-25970
Sublocalización o colección R.54314
Holdings
Estatus retirado Estado de pérdida Estado de daño No para préstamo Biblioteca de origen Biblioteca actual Ubicación en estantería Fecha de adquisición Fuente de adquisición Total de préstamos Signatura topográfica completa Código de barras Visto por última vez Precio de reemplazo Tipo de ítem Koha
        Biblioteca del Ateneo de Madrid Biblioteca del Ateneo de Madrid Depósito 2 17/01/2008     C-25970 1068111 23/02/2023 23/02/2023 Libro impreso